BFDI - Guess All of Ruby's Sisters (Picture Quiz) - Statistics

General Stats
  • This quiz has been taken 318 times
  • The average score is 14 of 35
Answer Stats
Picture Answer % Correct
Poo
86%
Diamond
78%
Emerald
74%
Sapphire
68%
Amethyst
65%
Obsidian
57%
Gold
55%
Amber
53%
Glass
49%
Topaz
46%
Quartz
42%
Coral
41%
Jade
41%
Ammolite
40%
Aquamarine
40%
Garnet
40%
Opal
39%
Lapis Lazuli
38%
Pearl
38%
Jasper
37%
Turquoise
34%
Ivory
31%
Peridot
30%
Feldspar
27%
Axinite
24%
Iolite
24%
Dioptase
22%
Fluorite
21%
Hematite
20%
Malachite
19%
Benitoite
17%
Kornerupine
17%
Variscite
17%
Chrysoberyl
16%
Pyrite
16%
No matching quizzes found
Score Distribution
Percent of People with Each Score
Percentile by Number Answered
Your Score History
You have not taken this quiz